|
|
|
|
| LEADER |
00000cam a22000004a 4500 |
| 001 |
musev2_97012 |
| 003 |
MdBmJHUP |
| 005 |
20230905053229.0 |
| 006 |
m o d |
| 007 |
cr||||||||nn|n |
| 008 |
120108s2010 nju o 00 0 eng d |
| 020 |
|
|
|a 9781400839155
|
| 020 |
|
|
|z 9780691150499
|
| 040 |
|
|
|a MdBmJHUP
|c MdBmJHUP
|
| 041 |
1 |
|
|a eng
|h ger
|
| 100 |
1 |
|
|a Jung, C. G.
|q (Carl Gustav),
|d 1875-1961.
|
| 240 |
1 |
0 |
|a Archetypen und das kollektive Unbewusste.
|l English
|
| 245 |
1 |
0 |
|a Four Archetypes :
|b (From Vol. 9, Part 1 of the Collected Works of C. G. Jung) /
|c Carl Gustav Jung ; with a new foreword by Sonu Shamdasani ; translated by R.F.C. Hull.
|
| 264 |
|
1 |
|a Princeton, NJ :
|b Princeton University Press,
|c 2010.
|
| 264 |
|
3 |
|a Baltimore, Md. :
|b Project MUSE,
|c 0000
|
| 264 |
|
4 |
|c ©2010.
|
| 300 |
|
|
|a 1 online resource.
|
| 336 |
|
|
|a text
|b txt
|2 rdacontent
|
| 337 |
|
|
|a computer
|b c
|2 rdamedia
|
| 338 |
|
|
|a online resource
|b cr
|2 rdacarrier
|
| 490 |
0 |
|
|a Bollingen series
|
| 500 |
|
|
|a "Extracted from The Archetypes and the Collective Unconscious, Vol. 9, part I, of the Collected Works of C.G. Jung"--Title page verso.
|
| 546 |
|
|
|a Translated from the German.
|
| 588 |
|
|
|a Description based on print version record.
|
| 650 |
|
7 |
|a Symbolism.
|2 fast
|0 (OCoLC)fst01140749
|
| 650 |
|
7 |
|a Subconsciousness.
|2 fast
|0 (OCoLC)fst01136406
|
| 650 |
|
7 |
|a Psychoanalysis.
|2 fast
|0 (OCoLC)fst01081235
|
| 650 |
|
7 |
|a Archetype (Psychology)
|2 fast
|0 (OCoLC)fst00813067
|
| 650 |
|
7 |
|a PSYCHOLOGY
|x Movements
|x Behaviorism.
|2 bisacsh
|
| 650 |
|
7 |
|a PSYCHOLOGY
|x General.
|2 bisacsh
|
| 650 |
|
7 |
|a psychoanalysis.
|2 aat
|
| 650 |
|
6 |
|a Psychanalyse.
|
| 650 |
|
6 |
|a Inconscient.
|
| 650 |
|
6 |
|a Archetype (Psychologie)
|
| 650 |
|
0 |
|a Symbolism.
|
| 650 |
|
0 |
|a Psychoanalysis.
|
| 650 |
|
0 |
|a Subconsciousness.
|
| 650 |
|
0 |
|a Archetype (Psychology)
|
| 655 |
|
7 |
|a Electronic books.
|2 local
|
| 700 |
1 |
|
|a Hull, R. F. C.
|q (Richard Francis Carrington),
|d 1913-1974.
|
| 700 |
1 |
|
|a Shamdasani, Sonu,
|d 1962-
|
| 710 |
2 |
|
|a Project Muse.
|e distributor
|
| 830 |
|
0 |
|a Book collections on Project MUSE.
|
| 856 |
4 |
0 |
|z Texto completo
|u https://projectmuse.uam.elogim.com/book/97012/
|
| 945 |
|
|
|a Project MUSE - Custom Collection
|